[Event "City-ch w"]
[Site "St-Petersburg RUS"]
[Date "2002.04.26"]
[Round "11"]
[White "Sudakova,I"]
[Black "Miednikova,S"]
[Result "1-0"]
[WhiteElo "2369"]
[BlackElo "2167"]

1.e4 e6 2.d4 d5 3.Nd2 Nc6 4.Ngf3 Nf6 5.e5 Nd7 6.c3 f6 7.exf6 Qxf6 8.Bb5 Bd6
9.Nf1 Ne7 10.Ne3 c6 11.Bd3 h5 12.Qc2 e5 13.dxe5 Nxe5 14.Nxe5 Bxe5 15.Bd2 Bd7
16.O-O-O O-O-O 17.f4 Bc7 18.Rhf1 Kb8 19.Kb1 Nc8 20.h3 Nd6 21.Bc1 Rde8 22.g4 hxg4
23.hxg4 Rh3 24.Rde1 Bb6 25.Nf5 Rxe1 26.Rxe1 Rxd3 27.Nxd6 Rh3 28.Ne8 Qf8 29.Qg6 Rh6
30.Qxg7 Qxg7 31.Nxg7 Bxg4 32.f5 Rf6 33.Rf1 Be2 34.Rh1 Rf7 35.Bf4+ Kc8 36.Rh8+ Kd7
37.Rb8 Ba6 38.Bh6 Bc7 39.Rg8 Be5 40.Kc2 Be2 41.Ne6 Rxf5 42.Nd4 Rf2 43.Be3 Rh2
44.Bg1 Bxd4 45.Bxh2 Bf6 46.Rb8 Ba6 47.Ra8 d4 48.Bg1 dxc3 49.bxc3 Kc7 50.Bxa7 b6
51.Rf8 Be7 52.Rf7 Kd6 53.Bxb6 Bc4 54.Rf4 Bxa2 55.c4 Ke5 56.Bc7+ Bd6 57.Bxd6+  1-0

[Event "VIII Leonardo di Bona Open"]
[Site "Cutro ITA"]
[Date "2002.04.27"]
[Round "5"]
[White "Starostits,I"]
[Black "Drasko,M"]
[Result "0-1"]
[WhiteElo "2438"]
[BlackElo "2513"]

1.e4 e6 2.d4 d5 3.Nd2 Be7 4.Bd3 c5 5.dxc5 Nf6 6.exd5 Qxd5 7.Ngf3 Nbd7 8.O-O Nxc5
9.Bc4 Qd6 10.Qe2 O-O 11.Ne5 b6 12.Ndf3 Nd5 13.Rd1 Bb7 14.a4 Rad8 15.Nd4 Qc7
16.c3 a6 17.Bd2 Bd6 18.Re1 Rc8 19.b3 Rfd8 20.f4 Re8 21.Rf1 f5 22.Rac1 Ne4
23.Nd3 g6 24.Rf3 Qg7 25.Kh1 Nexc3 26.Qf2 Ne4  0-1

[Event "VIII Leonardo di Bona Open"]
[Site "Cutro ITA"]
[Date "2002.04.29"]
[Round "7"]
[White "Korneev,O"]
[Black "Del Rio Angelis,S"]
[Result "1-0"]
[WhiteElo "2599"]
[BlackElo "2495"]

1.e4 e6 2.d4 d5 3.Nd2 Be7 4.Bd3 c5 5.dxc5 Nf6 6.Qe2 O-O 7.Ngf3 a5 8.a4 Na6
9.e5 Nd7 10.Nb3 Naxc5 11.Nxc5 Nxc5 12.O-O Bd7 13.Bb5 Bxb5 14.axb5 f6 15.Be3 Qc7
16.Bd4 Ne4 17.c3 Bc5 18.exf6 gxf6 19.Bxc5 Nxc5 20.Nd4 e5 21.Nf5 Kh8 22.Rad1 Rad8
23.Kh1 Qd7 24.Ng3 Ne6 25.Nh5 Qf7 26.f4 e4 27.f5 Nc5 28.Nf4 Rfe8 29.b6 e3
30.Rf3 Re4 31.g3 Qe8 32.Rxd5 Rxd5 33.Nxd5 Qc6 34.c4 Nb3 35.Rxe3 Nc1 36.Qf3 Rxc4
37.Re6 Qb5 38.Nc7 Qb4 39.Re8+ Kg7 40.Ne6+ Kh6 41.Qe3+ Kh5  1-0

[Event "Kuban Spring"]
[Site "Krasnodar RUS"]
[Date "2002.04.??"]
[Round "?"]
[White "Nadyrhanov,S"]
[Black "Skorchenko,D"]
[Result "1/2-1/2"]
[WhiteElo "2477"]
[BlackElo "2431"]

1.e4 e6 2.d4 d5 3.Nd2 a6 4.Ngf3 c5 5.c3 Nc6 6.Bd3 cxd4 7.cxd4 dxe4 8.Nxe4 Be7
9.O-O Nf6 10.a3 O-O 11.Be3 Nd5 12.Rc1 e5 13.Nxe5 Nxe3 14.fxe3 Nxd4 15.Nxf7 Rxf7
16.Rxf7 Kxf7 17.exd4 Qxd4+ 18.Nf2 Qe5 19.Bc4+ Kf8 20.Rc3 Bf6 21.Rf3 Be6 22.Bxe6 Qxe6  1/2-1/2

[Event "Mitropa Cup"]
[Site "Leipzig GER"]
[Date "2002.05.04"]
[Round "2"]
[White "Sprenger,J"]
[Black "Isonzo,D"]
[Result "1/2-1/2"]
[WhiteElo "2468"]
[BlackElo "2360"]

1.e4 e6 2.d4 d5 3.Nd2 Be7 4.Bd3 c5 5.dxc5 Nf6 6.exd5 Qxd5 7.Ngf3 Nbd7 8.Qe2 O-O
9.b4 a5 10.Bc4 Qf5 11.c3 Nd5 12.Nd4 Qe5 13.Qxe5 Nxe5 14.Bxd5 exd5 15.O-O axb4
16.cxb4 Nd3 17.Rb1 Rxa2 18.N2f3 Bf6 19.Rb3 Ne5 20.Nxe5 Bxe5 21.Be3 Re8 22.h3 Ra4
23.Rd1 f6 24.b5 Rc4  1/2-1/2

[Event "4NCL"]
[Site "Birmingham ENG"]
[Date "2002.05.05"]
[Round "10"]
[White "Jackson,S"]
[Black "Buckley,M"]
[Result "1/2-1/2"]
[WhiteElo "2183"]
[BlackElo "2147"]

1.e4 e6 2.d4 d5 3.Nd2 Be7 4.Bd3 c5 5.dxc5 Nf6 6.Qe2 Bxc5 7.Ngf3 Nc6 8.O-O O-O
9.e5 Nd7 10.Nb3 Be7 11.c3 a5 12.a4 f6 13.exf6 Nxf6 14.Nbd4 Nxd4 15.Nxd4 Qb6
16.Be3 e5 17.Nf5 Qe6 18.f3 Qf7 19.Nxe7+ Qxe7 20.Bd4 Re8 21.Rfe1 e4 22.Bxf6 Qxf6
23.fxe4 Bf5 24.e5 Bxd3 25.Qxd3 Rxe5 26.Rxe5 Qxe5 27.Rd1 Rd8 28.Qd4 Qxd4+
29.Rxd4 Kf7  1/2-1/2

[Event "Mitropa Cup"]
[Site "Leipzig GER"]
[Date "2002.05.06"]
[Round "4"]
[White "Rasik,V"]
[Black "Isonzo,D"]
[Result "1-0"]
[WhiteElo "2424"]
[BlackElo "2360"]

1.e4 e6 2.d4 d5 3.Nd2 Be7 4.Ngf3 Nf6 5.e5 Nfd7 6.c3 c5 7.Bd3 Nc6 8.O-O a5
9.a4 cxd4 10.cxd4 Nb4 11.Bb1 b6 12.Re1 Ba6 13.Nf1 Rc8 14.Ra3 Rc6 15.Ne3 Qc7
16.Bd2 O-O 17.h4 Rc8 18.Ng5 Bxg5 19.hxg5 Nf8 20.g3 Qd8 21.f4 R6c7 22.Kg2 Nc6
23.Bc3 Ne7 24.Rh1 Neg6 25.Qh5 Qe7 26.Kf2 Rxc3 27.Rxc3 Qb4 28.Qd1 Qxb2+ 29.Rc2 Rxc2+
30.Bxc2 Ne7 31.Qd2 Nc6 32.Bxh7+  1-0

[Event "Dutch Team Playoffs"]
[Site "Enschede NED"]
[Date "2002.05.09"]
[Round "1"]
[White "Hoffmann,Mi"]
[Black "Nikolic,Pr"]
[Result "1/2-1/2"]
[WhiteElo "2428"]
[BlackElo "2653"]

1.e4 e6 2.d4 d5 3.Nd2 a6 4.Ngf3 c5 5.dxc5 Bxc5 6.Bd3 Ne7 7.O-O Nbc6 8.a3 O-O
9.b4 Ba7 10.Bb2 d4 11.e5 Ng6 12.Re1 b5 13.g3 Bb7 14.Qe2 Rc8 15.h4 Bb8 16.Be4 Qb6
17.Nb3 Rfd8 18.Rad1 Ngxe5 19.Nfxd4 Nc4 20.Nxc6 Bxc6 21.Bxh7+ Kxh7 22.Qh5+ Kg8
23.Bxg7 Kxg7 24.Qg5+ Kh7 25.Qh5+  1/2-1/2

[Event "Dutch Team Playoffs"]
[Site "Enschede NED"]
[Date "2002.05.09"]
[Round "1"]
[White "Bosman,M"]
[Black "Gurevich,M"]
[Result "1/2-1/2"]
[WhiteElo "2330"]
[BlackElo "2641"]

1.e4 e6 2.d4 d5 3.Nd2 a6 4.Ngf3 c5 5.exd5 exd5 6.Be2 c4 7.O-O Bd6 8.Re1 Ne7
9.b3 cxb3 10.axb3 O-O 11.Nf1 Nbc6 12.Ne3 Be6 13.c4 h6 14.Bb2 Bb4 15.Rf1 Qd7
16.Ra4 Bd6 17.Qa1 Rad8 18.Rd1 Bb8 19.Bf1 Rfe8 20.Bc3 Bf4 21.Re1 Qc8 22.Ra2 Bb8
23.Rd2 Qc7 24.g3 Qc8 25.Bg2 b5 26.c5 Bc7 27.Rde2 a5 28.Qb1 Qd7 29.Nh4 b4
30.Bb2 g6 31.f4 Kf8 32.Qd3 Ra8 33.f5 gxf5 34.Rf1 Kg7 35.Ref2 f4 36.gxf4 f5
37.Nf3 Bxf4 38.Ne5 Bxe5 39.dxe5 Rf8 40.h4 Rf7 41.Bh3 Raf8 42.Nxf5+ Nxf5 43.Bxf5 d4
44.Bxe6 Qxe6 45.Rg2+ Kh8 46.Rxf7 Rxf7 47.Qg3 Rd7 48.Qf4 Rf7 49.Qg3 Rd7 50.Qf4 Rf7  1/2-1/2

[Event "TCh-NOR Finals"]
[Site "Oslo NOR"]
[Date "2002.05.10"]
[Round "3"]
[White "Heim,S"]
[Black "Gudbrandsen,G"]
[Result "1-0"]
[WhiteElo "2383"]
[BlackElo "2293"]

1.e4 e6 2.d4 d5 3.Nd2 Be7 4.Bd3 c5 5.dxc5 Nf6 6.Qe2 O-O 7.Ngf3 a5 8.O-O Na6
9.exd5 exd5 10.Nb3 a4 11.Nbd4 Nxc5 12.Bg5 Nfe4 13.Bxe7 Qxe7 14.a3 Bg4 15.h3 Bh5
16.c3 Qf6 17.Qe3 Rfe8 18.Bb5 Re7 19.Rfe1 Rc7 20.Nd2 h6 21.f3 Nxd2 22.Qxd2 Qb6
23.Qf2 Bg6 24.Rad1 Ra5 25.Bf1 Nd7 26.Re8+ Kh7 27.Re7 Nf6 28.Rxc7 Qxc7 29.Re1 Ra8
30.Bb5 Nh5 31.g4 Nf4 32.Qg3 Qd6 33.Kh2 Qf6 34.h4 h5 35.g5 Qd6 36.Re3 Rd8
37.Bxa4 Ne6 38.Qxd6 Rxd6 39.Nxe6 fxe6 40.Bb5 d4 41.cxd4 Rxd4 42.Kg3 Bf5 43.Be8 g6
44.Rb3 Rd1 45.Rxb7+ Kg8 46.a4 Kf8 47.Bc6  1-0

[Event "52nd ch-RUS w"]
[Site "Elista RUS"]
[Date "2002.05.11"]
[Round "2"]
[White "Pogonina,N"]
[Black "Matveeva,S"]
[Result "1/2-1/2"]
[WhiteElo "2303"]
[BlackElo "2437"]

1.e4 e6 2.d4 d5 3.Nd2 Be7 4.Bd3 c5 5.dxc5 Nf6 6.Qe2 Nc6 7.Ngf3 Nb4 8.Nb3 Nxd3+
9.cxd3 a5 10.Bg5 a4 11.Nbd2 h6 12.Bxf6 Bxf6 13.e5 Be7 14.Rc1 Qa5 15.Qe3 Bd7
16.O-O O-O 17.Rc2 Rfc8 18.Rfc1 Rc7 19.d4 b6 20.Qc3 Qa6 21.b4 axb3 22.Nxb3 Ba4
23.Qe3 Rac8 24.Nfd2 Bb5 25.h3 Bg5 26.f4 Be7 27.Kh2 Qa3 28.Qf3 Qa6 29.Qe3  1/2-1/2

[Event "52nd ch-RUS w"]
[Site "Elista RUS"]
[Date "2002.05.14"]
[Round "5"]
[White "Kosintseva,N"]
[Black "Matveeva,S"]
[Result "1/2-1/2"]
[WhiteElo "2336"]
[BlackElo "2437"]

1.e4 e6 2.d4 d5 3.Nd2 Be7 4.Ngf3 Nf6 5.Bd3 c5 6.c3 cxd4 7.cxd4 dxe4 8.Nxe4 Nc6
9.O-O O-O 10.Be3 Nb4 11.Bb1 b6 12.Ng3 Bb7 13.a3 Nbd5 14.Qd3 Qd6 15.Ne5 g6
16.Bh6 Rfc8 17.h4 Bf8 18.Bg5 Bg7 19.h5 Rc7 20.Re1 Rac8 21.Ba2 Qf8 22.Bb3 Nxh5
23.Nxh5 gxh5 24.Bd2 Kh8 25.Rac1 Qg8 26.Rxc7 Rxc7 27.Qg3 Bf6 28.Qxg8+ Kxg8
29.Bd1 h4 30.Bh5 Bg7 31.Rc1 f6 32.Nf3 h3 33.gxh3 Rxc1+ 34.Bxc1 Kf8 35.Kf1 Ne7
36.Ke2 Bd5 37.Bf4 Nf5 38.Kd3 Ke7 39.Nd2 Nd6 40.Bf3 Bxf3 41.Nxf3 b5 42.Bd2 Kd7
43.b3 Kc6 44.Ne1 Nc8 45.Nc2 Bf8 46.Bb4 Bxb4 47.Nxb4+ Kd6 48.Na2 a6 49.Nc3 f5
50.a4 bxa4 51.Nxa4 a5 52.Nc5 Kd5  1/2-1/2

[Event "Open A"]
[Site "Ostrava CZE"]
[Date "2002.05.20"]
[Round "4"]
[White "Hlubina,P"]
[Black "Dziadykiewicz,T"]
[Result "1-0"]
[WhiteElo "2115"]
[BlackElo "2066"]

1.e4 e6 2.d4 d5 3.Nd2 Nc6 4.Ngf3 Nf6 5.e5 Ne4 6.Bd3 Nxd2 7.Bxd2 Nb4 8.Be2 c5
9.c3 Nc6 10.Be3 Qb6 11.Qb1 cxd4 12.cxd4 Bb4+ 13.Kf1 Bd7 14.a3 Be7 15.b4 Rc8
16.h4 a6 17.Rh3 Na7 18.Rg3 Bf8 19.Ng5 Bb5 20.Bxb5+ Qxb5+ 21.Kg1 Qc4 22.Qd1 Qc2
23.Qg4 Qf5 24.Qxf5 exf5 25.e6 fxe6 26.Nxe6 Kf7 27.Ng5+ Kg8 28.Bf4 Re8 29.Be5 h6
30.Nh3 Nc6 31.f4 Kh7 32.Nf2 Rg8 33.h5 Re6 34.Nd1 Bd6 35.Ne3 Bxe5 36.dxe5 Nd4
37.Kf2 Rc8 38.Rd1 Nc2 39.Rxd5 Nxe3 40.Rxe3 Rc4 41.Kf3 g5 42.hxg6+ Kxg6 43.Rd7 b6
44.Red3 Kh5 45.R7d6 Rc6 46.Rxe6 Rxe6 47.Ke3 Rc6 48.Kd4 Kg4 49.g3 b5 50.Kd5 Rc8
51.Re3 Rd8+ 52.Kc6 h5 53.e6  1-0

[Event "Guillermo Garcia TORRE"]
[Site "Santa Clara CUB"]
[Date "2002.05.21"]
[Round "3"]
[White "Zambrana,O"]
[Black "Marzolo,C"]
[Result "0-1"]
[WhiteElo "2389"]
[BlackElo "2405"]

1.e4 e6 2.d4 d5 3.Nd2 Be7 4.Bd3 c5 5.dxc5 Nf6 6.Qe2 Nc6 7.Ngf3 Nb4 8.O-O Nxd3
9.cxd3 Bxc5 10.b3 O-O 11.Bb2 Bd7 12.Rac1 Be7 13.Nd4 Qb6 14.e5 Ne8 15.Rc2 Nc7
16.Rfc1 Rfc8 17.Qe3 Na6 18.a3 Rxc2 19.Rxc2 h6 20.b4 Ba4 21.Rc1 Qd8 22.f4 Rc8
23.Rf1 Nc7 24.N2f3 Nb5 25.f5 Nxd4 26.Nxd4 Bg5 27.Qf2 exf5 28.Qxf5 Rc7 29.h3 Re7
30.Kh1 Qe8 31.Re1 Bd7 32.Qf2 Rxe5 33.Rxe5 Qxe5 34.Ne2 Qxb2  0-1

[Event "Vedior Trophy"]
[Site "Milan ITA"]
[Date "2002.05.22"]
[Round "7"]
[White "Drazic,S"]
[Black "Isonzo,D"]
[Result "1/2-1/2"]
[WhiteElo "2474"]
[BlackElo "2360"]

1.e4 e6 2.d4 d5 3.Nd2 Be7 4.Ngf3 Nf6 5.Bd3 c5 6.c3 Nc6 7.exd5 Qxd5 8.Bc4 Qd6
9.Nb3 cxd4 10.Nbxd4 Nxd4 11.Nxd4 e5 12.Bb5+ Bd7 13.Bxd7+ Qxd7 14.Nc2 Qxd1+
15.Kxd1 O-O 16.Ke2 Rfd8 17.Ne3 Nd5 18.Nxd5 Rxd5 19.Be3 a6 20.c4 Rd7 21.Rhd1 Rad8
22.Rxd7 Rxd7 23.g4 f6 24.Rc1 Kf7 25.c5 Ke6 26.c6 bxc6 27.Rxc6+ Rd6 28.Rc7 Rd7
29.Rxd7 Kxd7 30.Kd3 g6 31.Kc4 Ke6 32.Bc5 Bd8 33.b4 f5 34.gxf5+ gxf5 35.a4 e4
36.a5 Bc7 37.h3 f4 38.Kd4 Kf5 39.Kd5 Be5 40.Ba7 Bc3 41.Kc4 Bd2 42.Bb6 e3
43.fxe3  1/2-1/2

[Event "3rd EIWCh"]
[Site "Varna BUL"]
[Date "2002.05.29"]
[Round "3"]
[White "Hunt,H"]
[Black "Nepeina Leconte,M"]
[Result "1/2-1/2"]
[WhiteElo "2415"]
[BlackElo "2308"]

1.e4 e6 2.d4 d5 3.Nd2 Nc6 4.Ngf3 Nf6 5.e5 Nd7 6.Be2 Be7 7.Nf1 f6 8.exf6 Nxf6
9.Ne3 O-O 10.O-O Bd6 11.c4 b6 12.b3 Bb7 13.Bb2 Bf4 14.g3 Bxe3 15.fxe3 Ne4
16.Nd2 Qg5 17.Nxe4 dxe4 18.Qd2 Ne7 19.Rxf8+ Rxf8 20.Ba3 c5 21.Rf1 Nf5 22.dxc5 Rd8
23.Qc1 Nxg3 24.hxg3 Qxg3+ 25.Kh1 Qh3+  1/2-1/2

[Event "3rd EIWCh"]
[Site "Varna BUL"]
[Date "2002.05.30"]
[Round "4"]
[White "Calzetta,M"]
[Black "Mkrtchian,L"]
[Result "0-1"]
[WhiteElo "2278"]
[BlackElo "2391"]

1.e4 e6 2.d4 d5 3.Nd2 Be7 4.Ngf3 Nf6 5.e5 Nfd7 6.Bd3 c5 7.c3 Nc6 8.O-O a5
9.Re1 cxd4 10.cxd4 Qb6 11.Nb1 Nxd4 12.Nxd4 Qxd4 13.Nc3 Qb6 14.Qg4 Kf8 15.Nb5 Nc5
16.Be3 Bd7 17.a4 Qd8 18.Bc2 Bxb5 19.axb5 b6 20.Qh5 Qe8 21.Bd4 h6 22.f4 g6
23.Qe2 h5 24.Kh1 Rc8 25.Ra3 Nd7 26.Rf3 Bc5 27.Rd1 Bxd4 28.Rxd4 Qe7 29.h3 Rc5
30.Kh2 Kg7 31.Rg3 h4 32.Rg5 Rhc8 33.Bd3 Nf8 34.Qh5 Rc1 35.Qxh4 Qc5 36.f5 exf5
37.Bxf5 Re8 38.Bd3 Re6 39.Qf4 Re1 40.h4 Nh7 41.Rg3 R1xe5 42.Rf3 Qe7 43.Qg3 Nf6
44.Rdf4 Ne4 45.Rxf7+ Qxf7 46.Rxf7+ Kxf7 47.Qf4+ Kg7 48.Bc2 d4 49.Bb3 Re7
50.Qg4 d3 51.Qc8 Nf6 52.Qc3 Re3 53.Bd5 d2 54.Qd4 Rd7  0-1

[Event "FIDE GP"]
[Site "Moscow RUS"]
[Date "2002.06.01"]
[Round "1.2"]
[White "Svidler,P"]
[Black "Radjabov,T"]
[Result "0-1"]
[WhiteElo "2688"]
[BlackElo "2610"]

1.e4 e6 2.d4 d5 3.Nd2 Be7 4.Bd3 c5 5.dxc5 Nf6 6.Qe2 Nc6 7.Ngf3 Nb4 8.O-O Nxd3
9.cxd3 Bxc5 10.Nb3 Be7 11.e5 Nd7 12.Nfd4 O-O 13.Bf4 Nc5 14.Qg4 Kh8 15.Nxc5 Bxc5
16.Nf3 Be7 17.Rfe1 Bd7 18.Qh5 f6 19.Rac1 Be8 20.Qh3 f5 21.Be3 Bd7 22.Bc5 Rc8
23.Bd6 Rc6 24.d4 Be8 25.Rxc6 Bxc6 26.Qg3 h6 27.h4 Kh7 28.Qf4 Rg8 29.Rc1 g5
30.hxg5 hxg5 31.Qh2+ Kg6 32.Qg3 Rh8 33.Ne1 Rh4 34.Nd3 Rxd4 35.Nc5 Rg4 36.Qe3 d4
37.Qb3 Bd5 38.Nxe6 Qa5 39.Qd3 Bxd6 40.exd6 Bxe6 41.f3 Rh4 42.g3 Rh8 43.Qxd4 Qb6
44.Rc5 Rd8  0-1

[Event "3rd EIWCh"]
[Site "Varna BUL"]
[Date "2002.06.03"]
[Round "7"]
[White "Hunt,H"]
[Black "Matveeva,S"]
[Result "1/2-1/2"]
[WhiteElo "2415"]
[BlackElo "2437"]

1.e4 e6 2.d4 d5 3.Nd2 Be7 4.e5 c5 5.Qg4 Kf8 6.Nb3 c4 7.Nd2 Nc6 8.c3 h5 9.Qh3 g6
10.Ne2 Nh6 11.Nf3 Kg7 12.Nf4 Bd7 13.Be2 b5 14.Bd1 b4 15.Bc2 bxc3 16.bxc3 Rb8
17.Qg3 h4 18.Qh3 Qa5 19.Ne2 Nf5 20.Bxf5 exf5 21.Nd2 Nd8 22.Qf3 Ne6 23.O-O h3
24.g3 Ba4 25.Re1 Bc2 26.Qe3 Bd3 27.Nf1 Bg5 28.f4 Be7 29.Qd2 Rb5 30.Ne3 Rhb8
31.g4 fxg4 32.Nxg4 Rb1 33.Rxb1 Rxb1 34.Ng3 Nxd4 35.cxd4 Bb4 36.Qe3 Bxe1 37.e6 f6
38.Nf1 Bxf1 39.f5 g5 40.Nxf6 Bh4 41.Nd7 Qxa2 42.Qe5+ Kh7 43.Nf6+ Kh6 44.Ng4+ Kh5
45.Nf6+ Kh6 46.Ng4+ Kh5  1/2-1/2

[Event "3rd EIWCh"]
[Site "Varna BUL"]
[Date "2002.06.06"]
[Round "10"]
[White "Te Llalemand,R"]
[Black "Richards,H"]
[Result "1-0"]
[WhiteElo "2300"]
[BlackElo "2252"]

1.e4 e6 2.d4 d5 3.Nd2 Be7 4.Ngf3 Nf6 5.Bd3 c5 6.e5 Nfd7 7.c3 b6 8.Qe2 cxd4
9.cxd4 a5 10.O-O Ba6 11.Bxa6 Nxa6 12.Ne1 Nc7 13.f4 f5 14.exf6 Bxf6 15.Ndf3 O-O
16.Nd3 Qe7 17.Nde5 Qd6 18.Be3 Rac8 19.Rac1 Na8 20.Qb5 Nb8 21.h3 Rc7 22.Qd3 Nc6
23.Nxc6 Rxc6 24.Ne5 Rc7 25.Rxc7 Qxc7 26.Rc1 Qb7 27.Qc3 Rb8 28.b3 Rf8 29.Rc2 Re8
30.Qd3 Bxe5 31.fxe5 g6 32.Bh6 Kf7 33.Qf3+ Kg8 34.Qf6 Rd8 35.Rf2 Qd7 36.Qf8+  1-0

[Event "3rd EIWCh"]
[Site "Varna BUL"]
[Date "2002.06.06"]
[Round "10"]
[White "Ciuksyte,D"]
[Black "Zhukova,N"]
[Result "0-1"]
[WhiteElo "2340"]
[BlackElo "2425"]

1.e4 e6 2.d4 d5 3.Nd2 a6 4.Bd3 c5 5.dxc5 Bxc5 6.Ngf3 Nf6 7.Qe2 Nc6 8.O-O Qc7
9.a3 Ba7 10.exd5 Nxd5 11.g3 b5 12.Ne4 Bb7 13.Bd2 h6 14.a4 b4 15.c4 bxc3 16.bxc3 f5
17.Neg5 hxg5 18.Qxe6+ Nde7 19.Bxf5 Nd8 20.Qe2 Qc6 21.Bxg5 O-O 22.Bg4 Ng6
23.Rab1 Qe4 24.Qa2+ Bd5  0-1

[Event "3rd EIWCh"]
[Site "Varna BUL"]
[Date "2002.06.06"]
[Round "10"]
[White "Sedina,E"]
[Black "Grabuzova,T"]
[Result "1-0"]
[WhiteElo "2407"]
[BlackElo "2388"]

1.e4 e6 2.d4 d5 3.Nd2 a6 4.Ngf3 c5 5.exd5 exd5 6.Be2 c4 7.O-O Bd6 8.b3 b5
9.c3 Ne7 10.a4 Bb7 11.Ba3 O-O 12.Qc2 Nbc6 13.axb5 axb5 14.Qb2 Rb8 15.Rfe1 Ng6
16.Bf1 Qc7 17.Bxd6 Qxd6 18.g3 Rfd8 19.Bg2 Nf8 20.h4 Nd7 21.bxc4 bxc4 22.Nf1 Ba8
23.Qc2 Qg6 24.Qc1 Nf6 25.Ne3 Ne4 26.Nd2 Nf6 27.Bh3 Ne8 28.Nf3 Qf6 29.Bg2 Nc7
30.Ng4 Qd6 31.h5 Re8 32.h6 Rxe1+ 33.Qxe1 g6 34.Qd2 f6 35.Re1 Kf7 36.Nh4 Re8
37.Rxe8 Nxe8 38.Qe3 Nc7 39.Qf3 Bb7 40.Ne3 Na5 41.Bh3 Ba8 42.Qg4 Bc6 43.Kh2 Be8
44.Nhf5 Qf8 45.Qf4 Nb5 46.Ng7 Bc6 47.Be6+ Ke7 48.Bxd5 Qc8 49.Qe4+ Kd6 50.Bxc6 Qxc6
51.d5 Qd7 52.Ne6 Qa7 53.Kg2 Nxc3 54.Qf4+ Ke7 55.Nxc4 Nxc4 56.Qxc4 Qa5 57.Nf4 g5
58.d6+ Kxd6 59.Qe6+ Kc5 60.Qf5+ Kb4 61.Qxa5+ Kxa5 62.Nh5 Nd5 63.Kf3 f5 64.Ng7 Ne7
65.Ne6 Ng8 66.Nxg5 Nxh6 67.Nxh7 Kb5 68.Kf4 Kc5 69.f3 Kd5 70.Kg5 Nf7+ 71.Kxf5 Nd6+
72.Kf4 Ke6 73.Ng5+ Ke7 74.Ne4 Nc4 75.Kg5 Kf7 76.f4 Ne3 77.f5 Nd5 78.g4 Ne3
79.Kf4 Nd5+ 80.Ke5 Ne3 81.g5 Nc4+ 82.Kf4 Kg7 83.Ng3 Nd6 84.Nh5+ Kh7 85.Ke5 Ne8
86.Ke6 Kh8 87.f6 Nc7+ 88.Kd7  1-0

[Event "3rd EIWCh"]
[Site "Varna BUL"]
[Date "2002.06.06"]
[Round "10"]
[White "Kosintseva,N"]
[Black "Mkrtchian,L"]
[Result "0-1"]
[WhiteElo "2336"]
[BlackElo "2391"]

1.e4 e6 2.d4 d5 3.Nd2 Be7 4.c3 c5 5.dxc5 Bxc5 6.Bd3 Nf6 7.Qe2 dxe4 8.Nxe4 Nxe4
9.Qxe4 Nd7 10.Nf3 Be7 11.Qe2 O-O 12.O-O Qc7 13.Re1 Rd8 14.Bc2 Nf8 15.Qe4 f6
16.Bb3 Bd6 17.h3 Kh8 18.Nd4 Bd7 19.Be3 f5 20.Qc2 f4 21.Bc1 e5 22.Nf3 h6 23.Qe2 Re8
24.Nd2 Bf5 25.Ne4 Rad8 26.Bd2 Bc5 27.Rad1 Bb6 28.Bc1 Rxd1 29.Rxd1 Rd8 30.Re1 Qc6
31.Bc2 Be6 32.Qh5 Qc7 33.Ng5 Bd5 34.Be4 Bg8 35.Rf1 Qe7 36.Nf3 Bc7 37.Ne1 Qf6
38.Bxb7 Bc4 39.Be4 Qa6 40.Nf3 Bxf1 41.b3 Bd3 42.Ng5 Bxe4 43.Nf7+ Kg8 44.Nxd8 Bxd8
45.Qxe5 Qc6 46.f3 Bb6+ 47.Kh2 Bg6 48.Bxf4 Ne6 49.Bg3 Bc7 50.Qe1 Bxg3+ 51.Qxg3 Kh7
52.c4 Nd4 53.Qe5 Ne6 54.f4 Be4 55.f5 Qc7 56.Qxc7 Nxc7 57.Kg3 Bb1 58.b4 Bxa2
59.Kf4 Bb3  0-1

[Event "Panam U20"]
[Site "La Paz BOL"]
[Date "2002.06.07"]
[Round "3"]
[White "Borda,A"]
[Black "Prasca,R"]
[Result "0-1"]
[WhiteElo "2227"]
[BlackElo "2352"]

1.e4 e6 2.d4 d5 3.Nd2 Be7 4.e5 c5 5.c3 Nc6 6.Nb3 cxd4 7.cxd4 Bd7 8.f4 Rc8
9.Bd2 Qb6 10.Nf3 Nh6 11.Bd3 Nb4 12.Bb1 Bb5 13.Bc3 a5 14.Qd2 Bc4 15.Nc1 Qc7
16.Ne2 Nc6 17.Kf2 Ng4+ 18.Kg3 h5 19.h3 Nh6 20.Rc1 Qd7 21.Kf2 b6 22.Ng3 g6
23.Nf1 h4 24.Ne3 Ba6 25.a3 Nf5 26.Bd3 Ng3 27.Kg1 Bxd3 28.Qxd3 Nh5 29.Ng4 Nxf4
30.Qe3 Nh5 31.Ng5 Ng3  0-1

[Event "Open"]
[Site "Lido Estensi ITA"]
[Date "2002.06.11"]
[Round "4"]
[White "Dervishi,E"]
[Black "Bukal,V jr"]
[Result "1-0"]
[WhiteElo "2523"]
[BlackElo "2393"]

1.e4 e6 2.d4 d5 3.Nd2 Be7 4.Bd3 c5 5.dxc5 Nd7 6.exd5 exd5 7.Nb3 Nxc5 8.Nf3 Nf6
9.O-O O-O 10.Be3 Nce4 11.h3 Bd6 12.Nbd4 a6 13.c3 Bc7 14.Qc1 Qd6 15.Rd1 Re8
16.Ne2 Bf5 17.Bf4 Qc5 18.Nfd4 Bg6 19.Bxc7 Qxc7 20.Nf4 Nc5 21.Nxg6 Nxd3 22.Rxd3 hxg6
23.Nc2 Qb6 24.Ne3 Rad8 25.a4 a5 26.Qc2 Re5 27.Rad1 Rde8 28.Rd4 Kh7 29.Qe2 Kg8
30.Qb5 Qc7 31.Rf1 Qe7 32.Nxd5 Nxd5 33.Rxd5 Re1 34.Rd1 Re5 35.Rd5 Re2 36.Rd7 Qf6
37.Rxb7 R8e5 38.Qb6 Qg5 39.Qd4 R5e4 40.Qd7 Qf4 41.Qd8+ Re8 42.Qd1 g5 43.Rb5 g4
44.hxg4 Qxg4 45.Rxa5 R8e6 46.Qd8+ Re8 47.Qg5 Qc4 48.Qb5 Qg4 49.Qf5 Qc4 50.Qd5 Qf4
51.Ra8 Rxa8 52.Qxa8+ Kh7 53.g3 Qf5 54.Qb7 Re6 55.b4 Rh6 56.Re1 Qh5 57.Qg2 f5
58.a5 Qg4 59.Ra1 f4 60.Qe4+ Kg8 61.Qxf4 Qh3 62.Qxh6 gxh6 63.a6  1-0

[Event "3rd IECC"]
[Site "Batumi GEO"]
[Date "2002.06.26"]
[Round "13"]
[White "Potkin,V"]
[Black "Zhukova,N"]
[Result "1/2-1/2"]
[WhiteElo "2493"]
[BlackElo "2425"]

1.e4 e6 2.d4 d5 3.Nd2 a6 4.Ngf3 Nf6 5.Bd3 c5 6.exd5 Nxd5 7.Nb3 cxd4 8.Nbxd4 Bd6
9.O-O O-O 10.Qe2 Qc7 11.Qe4 g6 12.Bh6 Rd8 13.Rfe1 Nc6 14.Nxc6 bxc6 15.Qd4 f6
16.Qh4 Bf8 17.Bxf8 Rxf8 18.Bc4 Rb8 19.b3 Kg7 20.Nd2 e5 21.Ne4 a5 22.Rad1 Be6
23.Nc5 Qd6 24.Nxe6+ Qxe6 25.Qe4 Rbd8 26.f4 Rfe8 27.fxe5 fxe5 28.Rd2 Qe7 29.Bxd5 Qc5+
30.Qe3 Qxe3+ 31.Rxe3 cxd5 32.Red3 d4 33.c3 dxc3 34.Rxd8 cxd2 35.Rxd2 Rc8
36.Rd5  1/2-1/2

[Event "Open"]
[Site "Velika Gorica CRO"]
[Date "2002.06.30"]
[Round "9"]
[White "Bilic,M"]
[Black "Pandurevic,M"]
[Result "1-0"]
[WhiteElo "2298"]
[BlackElo "2218"]

1.e4 e6 2.d4 d5 3.Nd2 Nc6 4.Ngf3 Nf6 5.e5 Nd7 6.c3 f6 7.Bb5 fxe5 8.dxe5 a6
9.Bxc6 bxc6 10.Nb3 c5 11.Bg5 Be7 12.Na5 Nb8 13.Bxe7 Qxe7 14.c4 c6 15.O-O Qc7
16.Nb3 Nd7 17.Rc1 Qa7 18.Qc2 O-O 19.cxd5 c4 20.Qxc4 Nb6 21.Qd4 cxd5 22.Nc5 h6
23.Nd3 Bd7 24.Nc5 Bc8 25.Rc3 Nc4 26.Nd3 Qf7 27.a4 Rb8 28.b3 Na5 29.Nd2 Bd7
30.Rfc1 Qe8 31.Qc5 Nc6 32.Qd6 Nd4 33.Re1 Rd8 34.Qb6 Nf5 35.Nf3 Bc8 36.Rc7 Qh5
37.h3 Nh4 38.Nxh4 Qxh4 39.Qa7 Qg5 40.Re3 Kh8 41.Rg3 Qf5 42.Rcxg7 Rg8 43.Qe7 Rdf8
44.R3g6 Qxg6 45.Rxg6  1-0

[Event "30th World Open"]
[Site "Philadelphia USA"]
[Date "2002.07.01"]
[Round "3"]
[White "Au,L"]
[Black "Formanek,E"]
[Result "0-1"]
[WhiteElo "2260"]
[BlackElo "2293"]

1.e4 e6 2.d4 d5 3.Nd2 Nc6 4.Ngf3 Nf6 5.e5 Nd7 6.c3 f6 7.Bb5 fxe5 8.dxe5 a6
9.Bxc6 bxc6 10.Nb3 c5 11.Na5 c6 12.Qa4 Qc7 13.O-O Nb6 14.Qg4 c4 15.a4 c5
16.Re1 Qf7 17.Be3 Bd7 18.Nb7 Nxa4 19.Nd6+ Bxd6 20.exd6 Nxb2 21.Ne5 Qf6 22.Nxd7 Kxd7
23.Bg5 Qg6 24.Qh4 Nd3 25.Re3 Rhf8 26.f3 Rf5 27.Be7 Rh5 28.Qg4 Qxg4 29.fxg4 Re5
30.Rxe5 Nxe5 31.Rf1 Nc6 32.Rf8 Nxe7 33.dxe7 Re8 34.Rf7 Rxe7 35.Rf8 Re8  0-1

[Event "1st Open"]
[Site "La Fere FRA"]
[Date "2002.07.02"]
[Round "5"]
[White "Gorshkova,I"]
[Black "Dgebuadze,A"]
[Result "0-1"]
[WhiteElo "2190"]
[BlackElo "2537"]

1.e4 e6 2.d4 d5 3.Nd2 Nc6 4.Ngf3 Nf6 5.e5 Nd7 6.Bb5 a6 7.Bxc6 bxc6 8.O-O c5
9.c3 Be7 10.Re1 O-O 11.Nb3 a5 12.Be3 cxd4 13.Nbxd4 Bb7 14.Qd2 c5 15.Nc2 Qc7
16.Bg5 Bxg5 17.Qxg5 f6 18.exf6 Rxf6 19.Ne5 Raf8 20.f3 Nxe5 21.Qxe5 Qc6 22.Re3 h6
23.Rae1 Kh7 24.b4 Qa4 25.R1e2 d4 26.cxd4 cxb4 27.Ne1 Bd5 28.Nd3 Qc6 29.Qh5 Rf5
30.Qh3 Qc4 31.Qh4 a4 32.Nc5 Bxf3 33.gxf3 Rd5  0-1

[Event "23rd Open"]
[Site "Bled SLO"]
[Date "2002.07.06"]
[Round "5"]
[White "Jaracz,B"]
[Black "Soln,P"]
[Result "0-1"]
[WhiteElo "2265"]
[BlackElo "2419"]

1.e4 e6 2.d4 d5 3.Nd2 Nc6 4.Ngf3 Nf6 5.e5 Nd7 6.Bb5 a5 7.O-O Na7 8.Bd3 c5
9.c4 Be7 10.cxd5 exd5 11.Qe2 c4 12.Bc2 Nf8 13.Rd1 Ne6 14.Nf1 O-O 15.Ng3 g6
16.b3 b5 17.a4 Ba6 18.Qe3 Nc6 19.bxc4 Nb4 20.Bb1 bxc4 21.Bd2 Rc8 22.Ne2 Ng7
23.Nc3 f6 24.g3 Rc6 25.Qh6 Nd3 26.Bxd3 cxd3 27.exf6 Bxf6 28.Ne5 Re6 29.Nb5 Nf5
30.Qf4 Bxb5 31.axb5 Nxd4 32.Qxd4 Bxe5 33.Qxd3 Qf6 34.Rxa5 Qxf2+ 35.Kh1 Bd4  0-1

[Event "3rd Stage Russian Cup"]
[Site "Tomsk RUS"]
[Date "2002.07.10"]
[Round "3"]
[White "Yandemirov,V"]
[Black "Kazakov,P"]
[Result "0-1"]
[WhiteElo "2502"]
[BlackElo "2424"]

1.e4 e6 2.d4 d5 3.Nd2 a6 4.Ngf3 c5 5.exd5 exd5 6.Be2 c4 7.b3 cxb3 8.axb3 Nc6
9.O-O Bd6 10.Bb5 Ne7 11.Bxc6+ bxc6 12.Ba3 O-O 13.Qe2 Ng6 14.Rfe1 Bf5 15.Bxd6 Qxd6
16.c3 a5 17.Ne5 f6 18.Nxg6 hxg6 19.Qe7 Qxe7 20.Rxe7 Rfe8 21.Rxa5 Rxe7 22.Rxa8+ Kf7
23.Ra1 Re2 24.Nf1 Rb2 25.Ne3 Rxb3 26.Rc1 Bd3 27.h3 Ke6 28.g4 g5 29.Kg2 g6
30.c4 Be4+ 31.Kh2 f5 32.cxd5+ cxd5 33.Rc6+ Kd7 34.Rf6 f4 35.Rf7+ Kc6 36.Ng2 Rb2
37.Kg1 Rb1+ 38.Kh2 Rf1 39.f3 Bxf3  0-1